[Event "AUTO-INT-1443"]
[Site "http://www.queenalice.com/game.php?id=650205"]
[Date "2009.9.10"]
[Round "1"]
[White "fagmontes"]
[Black "uracile"]
[Result "0-1"]
[WhiteElo "1435"]
[BlackElo "1740"]

1. d4 d5 2. c4 Nf6 3. Nc3 e6 4. Bg5 Be7 5. e3 Ne4 6. Bxe7 Qxe7 7. Nxe4 dxe4 8.
Be2 O-O 9. a3 e5 10. d5 Bf5 11. Qb3 c6 12. O-O-O Na6 13. f3 Nc5 14. Qb4 a5 15.
Qd2 Nb3+ 16. Kb1 Nxd2+ 17. Rxd2 Rad8 18. g4 Bg6 0-1

[Event "AUTO-INT-1443"]
[Site "http://www.queenalice.com/game.php?id=650206"]
[Date "2009.9.10"]
[Round "1"]
[White "uracile"]
[Black "fagmontes"]
[Result "1-0"]
[WhiteElo "1722"]
[BlackElo "1414"]

1. e4 e5 2. Bc4 Nf6 3. Nc3 Bc5 4. d3 Nc6 5. Nf3 d6 6. Ng5 O-O 7. O-O h6 8. Nf3
Nd4 9. Be3 Bg4 10. h3 Bh5 11. Qd2 Nxf3+ 12. gxf3 Bxf3 13. Nd5 Bxe3 14. Qxe3 Nxd5
15. Bxd5 Bh5 16. f3 Qf6 17. Rf2 c6 18. Bb3 Qg6+ 19. Rg2 Qf6 20. Rf1 1-0

[Event "AUTO-INT-1443"]
[Site "http://www.queenalice.com/game.php?id=650207"]
[Date "2009.9.10"]
[Round "1"]
[White "fagmontes"]
[Black "Mecking_Brasil"]
[Result "1-0"]
[WhiteElo "1444"]
[BlackElo "1856"]

1. d4 d5 2. c4 e6 3. Nc3 c6 4. Bf4 dxc4 5. e4 b5 6. Nf3 Nf6 7. e5 Nd5 8. Nxd5
cxd5 9. Be2 Nc6 10. O-O Qb6 11. Bd2 Nxd4 12. Be3 Nxf3+ 13. Bxf3 Bc5 14. Qe2 1-0

[Event "AUTO-INT-1443"]
[Site "http://www.queenalice.com/game.php?id=650208"]
[Date "2009.9.10"]
[Round "1"]
[White "Mecking_Brasil"]
[Black "fagmontes"]
[Result "0-1"]
[WhiteElo "1856"]
[BlackElo "1444"]

1. e4 e5 2. Nf3 Nc6 3. Bb5 d6 4. O-O Bd7 5. d4 Nxd4 6. Bxd7+ Qxd7 7. Nxd4 exd4
8. Qxd4 c5 9. Qd3 O-O-O 10. Nc3 Nf6 11. Bg5 Be7 12. a4 d5 13. Bxf6 Bxf6 14. Nxd5
Bxb2 15. Rab1 Ba3 0-1

[Event "AUTO-INT-1473"]
[Site "http://www.queenalice.com/game.php?id=663995"]
[Date "2009.10.7"]
[Round "1"]
[White "QuinhoFogo"]
[Black "fagmontes"]
[Result "1-0"]
[WhiteElo "1568"]
[BlackElo "1369"]

1. e4 e5 2. Nf3 Nc6 3. Nc3 Bc5 4. Bb5 d6 5. Bxc6+ bxc6 6. d3 Bg4 7. h3 Bh5 8. g4
Bg6 9. Be3 Bb4 10. Qd2 Ne7 11. a3 Bxc3 12. Qxc3 O-O 13. O-O-O f5 14. exf5 1-0

[Event "AUTO-INT-1473"]
[Site "http://www.queenalice.com/game.php?id=663997"]
[Date "2009.10.7"]
[Round "1"]
[White "Elficolorean"]
[Black "fagmontes"]
[Result "1-0"]
[WhiteElo "1777"]
[BlackElo "1423"]

1. e4 e5 2. Nf3 Nc6 3. Bb5 d6 4. d4 Bd7 5. d5 Nce7 6. Bxd7+ Qxd7 7. O-O Nf6 8.
Re1 g6 9. Nbd2 Bh6 10. Kh1 O-O-O 11. a4 g5 12. Nb3 Kb8 13. h3 c6 14. Bxg5 Bxg5
15. Nxg5 Ng6 16. Qf3 cxd5 17. Qxf6 Qc6 18. Rac1 Qxa4 19. exd5 Qb5 20. Nxf7 1-0

[Event "AUTO-INT-1473"]
[Site "http://www.queenalice.com/game.php?id=663998"]
[Date "2009.10.7"]
[Round "1"]
[White "fagmontes"]
[Black "MarTraM"]
[Result "0-1"]
[WhiteElo "1431"]
[BlackElo "1785"]

1. d4 d5 2. c4 c6 3. Nc3 Nf6 4. Bg5 e6 5. Nf3 Bb4 6. e3 h6 7. Bf4 Ne4 8. Qc2 O-O
9. O-O-O Bxc3 10. bxc3 Nd7 11. Bd3 Ndf6 12. c5 Nxf2 13. Qxf2 b6 14. Ne5 Qe8 15.
Qg3 Nh5 16. Qf2 Nxf4 17. exf4 bxc5 18. dxc5 a5 19. Qg3 a4 0-1

[Event "AUTO-INT-1473"]
[Site "http://www.queenalice.com/game.php?id=663999"]
[Date "2009.10.7"]
[Round "1"]
[White "MarTraM"]
[Black "fagmontes"]
[Result "1-0"]
[WhiteElo "1892"]
[BlackElo "1361"]

1. d4 d5 2. c4 dxc4 3. Nc3 Nf6 4. Bg5 Bf5 5. Bxf6 gxf6 6. e4 Bg6 7. Bxc4 Nc6 8.
Nf3 Bh5 9. d5 Ne5 10. Be2 Rg8 11. O-O e6 12. Nxe5 fxe5 13. Bxh5 Qf6 14. dxe6
Qxe6 15. Nd5 Qd6 16. Rc1 O-O-O 17. Rxc7+ Kb8 18. Rxf7 Qh6 19. Qb3 b6 20. Qc4 Bc5
21. Qa6 1-0

[Event "AUTO-OPEN-1715"]
[Site "http://www.queenalice.com/game.php?id=664059"]
[Date "2009.10.7"]
[Round "1"]
[White "xerxe"]
[Black "fagmontes"]
[Result "1-0"]
[WhiteElo "1913"]
[BlackElo "1431"]

1. e4 e5 2. Nf3 Nc6 3. Bc4 Bc5 4. b4 Bxb4 5. c3 Ba5 6. O-O Nf6 7. Ng5 O-O 8. d4
h6 9. Ba3 Re8 10. Nxf7 Qe7 11. Bxe7 Kh7 12. Bxf6 gxf6 13. Qh5 exd4 14. Qxh6+ Kg8
15. Nd8+ Re6 16. Qg6+ Kh8 17. Nf7# 1-0

[Event "AUTO-OPEN-1715"]
[Site "http://www.queenalice.com/game.php?id=664060"]
[Date "2009.10.7"]
[Round "1"]
[White "fagmontes"]
[Black "xerxe"]
[Result "0-1"]
[WhiteElo "1359"]
[BlackElo "1887"]

1. d4 Nf6 2. c4 b6 3. Nc3 Bb7 4. Bg5 e6 5. Nf3 Bb4 6. e3 O-O 7. Bd3 h6 8. Bh4
Nc6 9. O-O d5 10. a3 Bd6 11. b4 dxc4 12. Bxc4 a6 13. b5 axb5 14. Bxb5 e5 15.
dxe5 Nxe5 16. Nxe5 Bxe5 17. Qxd8 Rfxd8 18. Ne4 Bxe4 0-1

[Event "AUTO-OPEN-1715"]
[Site "http://www.queenalice.com/game.php?id=664085"]
[Date "2009.10.7"]
[Round "1"]
[White "fagmontes"]
[Black "bferrari2310"]
[Result "0-1"]
[WhiteElo "1429"]
[BlackElo "1681"]

1. d4 Nf6 2. c4 g6 3. Nc3 Bg7 4. Bf4 O-O 5. e4 d6 6. Nf3 Bg4 7. Be2 Nbd7 8. e5
dxe5 9. Bxe5 Nxe5 10. Nxe5 Bxe2 11. Qxe2 Qxd4 12. Nb5 Qc5 13. O-O Rad8 0-1

[Event "AUTO-OPEN-1715"]
[Site "http://www.queenalice.com/game.php?id=664086"]
[Date "2009.10.7"]
[Round "1"]
[White "bferrari2310"]
[Black "fagmontes"]
[Result "1-0"]
[WhiteElo "1693"]
[BlackElo "1419"]

1. c4 e5 2. Nc3 Nf6 3. Nf3 Nc6 4. g3 Bc5 5. Bg2 O-O 6. O-O d6 7. d3 Bg4 8. b3
Nd4 9. Nxd4 Bxd4 10. Bb2 a6 11. Qd2 Bxc3 12. Bxc3 Re8 13. Bxb7 Ra7 14. Bg2 1-0